Badly Explained Countries by ChatGPT #3 - Statistics

General Stats
  • This quiz has been taken 44 times
  • The average score is 7 of 10
Answer Stats
Description Country % Correct
This long, skinny noodle of a country just hugs the side of South America like it’s trying not to fall into the Pacific Ocean. A bunch of stuff happened with the Spanish way back, then they had revolutions, dictators, and earthquakes like it’s a soap opera of disasters. Nowadays, it’s all deserts in the north, penguins in the south, and people sipping wine somewhere in between, all stretched out in a country that’s way too long for its own good. Chile
83%
There are these few small islands scattered in the Indian Ocean, somewhere near the east coast of Africa, surrounded by coral reefs and warm waters. A long time ago, a bunch of sultans kept changing hands and then the French showed up and stuck around until they finally packed up and left in the 1970s. Now, the islands deal with all sorts of problems, but they still manage to hang on with their farms and fishing like it’s all fine. Comoros
83%
There’s this tiny, flat place up in the northeast of Europe, sandwiched between Russia and the Baltic Sea, trying to stay relevant. It bounced between a bunch of bigger countries like Sweden, Germany, and Russia, before finally saying, “we’re done with that” and going solo in the early '90s. Now it’s got forests, high-tech vibes, and a bunch of people who love their digital stuff while making sure everyone remembers they’re not part of Russia anymore. Estonia
77%
There's this strip of land hanging out on the edge of the Red Sea, right under Egypt, looking across at Arabia like it’s waiting for something. It used to get tossed around by the Italians, then the British, and after a long, exhausting tug-of-war with Ethiopia, it became its own thing in the ‘90s. Now, it’s got dusty roads, old tanks lying around, and people trying to figure stuff out while staying super serious about their independence. Eritrea
74%
Alright, so there’s this small country stuck in the corner of South America, just kind of hanging out next to Brazil and the ocean, like nobody invited it. The Dutch ran the show for ages, planting sugar and whatever else until it decided to be its own thing in 1975. Now it’s just got a whole bunch of rainforest, a bunch of rivers cutting through it, and people from all over crammed together like someone mixed up a cultural soup and called it a day. Suriname
71%
There's this tiny kingdom up in the Himalayas, kind of hiding out between India and China like it doesn’t want to be seen. For ages, it kept to itself, avoiding the modern world until it finally decided to pop its head out and say, “Hey, we’re independent!” Now, it’s known for its mountains, quirky happiness index, and a whole lot of monks, all while trying to keep the outside world from crashing their peaceful party. Bhutan
69%
There’s this huge country down south of the United States that’s all about tacos, mariachi, and really big pyramids sticking out of the ground like nature’s tourist traps. A long time ago, it was ruled by Aztecs and Mayans, then the Spanish came in and were like, “This is ours now!” Oh, and then out of nowhere, a guy named Becknell shows up, exploits money, and everyone’s just like, “What are you doing here?” while they try to enjoy their fiestas and siestas. Mexico
63%
There's this little country wedged between Romania and Ukraine, kind of like the awkward middle child of Eastern Europe. Once part of the Soviet Union, it still has this area called Transnistria where people pretend it's its own country, but it’s really just a throwback to the USSR with old tanks and weird statues. Now, Moldova’s mostly trying to figure out how to deal with its identity, with some folks sipping wine and others debating if they should look toward Europe or just chill with their Soviet past. Moldova
63%
This place is made up of a handful of flat, tiny islands in the middle of the Pacific Ocean, barely poking above sea level. It used to be a British colony called the Ellice Islands until they got their independence in 1978, but now they’re mainly worried about their islands disappearing under rising ocean water. Life there is slow, and people stick to fishing and weaving while dealing with the constant threat of the sea creeping in. Tuvalu
60%
There’s this small, coastal country on the edge of Europe that used to be a big deal with ships sailing all over the world, claiming lands like it was collecting stamps. A long time ago, they were all about exploration and empire-building, but now they’re mostly known for delicious pastries and chill vibes by the ocean. Nowadays, it’s just kind of hanging out, keeping its history quiet while enjoying Fado music and hoping no one remembers how much they colonized. Portugal
51%
No matching quizzes found
Score Distribution
Percent of People with Each Score
Percentile by Number Answered
Your Score History
You have not taken this quiz